Songs That Never Passed Their Debut Position (Billboard Hot 100) [2010] - Statistics

General Stats
  • This quiz has been taken 5 times
  • The average score is 4 of 246
Answer Stats
Month Peak Artist(s) Song % Correct
#76 Lil Wayne ft. Gudda **** Today
75%
#64 Glee Cast ft. Kristin Chenoweth Fire
50%
#5 Justin Bieber ft. Ludacris Baby
25%
#60 Kanye West ft. Teyana Taylor, Nicki Minaj & Bon Iver Dark Fantasy
25%
#44 Lil Wayne ft. Nicki Minaj Knockout
25%
#9 3OH!3 ft. Ke$ha My First Kiss
25%
#56 Nicki Minaj ft. Eminem Roman's Revenge
25%
#91 Tim McGraw Still
25%
July #49 Drake ft. Nicki Minaj Up All Night
25%
#100 Mariah Carey ft. Nicki Minaj Up Out My Face
25%
#42 Lil Wayne ft. Nicki Minaj What's Wrong with Them
25%
#79 Christina Aguilera ft. Nicki Minaj Woohoo
25%
#92 Eminem 25 to Life
0%
#89 Glee Cast 4 Minutes
0%
#57 Drake 9 AM in Dallas
0%
#70 Glee Cast A House is Not a Home
0%
#71 Avril Lavigne Alice
0%
#99 Theory of a Deadman All or Nothing
0%
#91 Lil Wayne ft. SNL American Star
0%
#79 Glee Cast Another One Bites the Dust
0%
#81 Disturbed Another Way to Die
0%
#58 Glee Cast Any Way You Want It / Lovin' Touchin' Squeezin'
0%
#35 Selena Gomez & The Scene A Year Without Rain
0%
#57 Glee Cast Baby It's Cold Outside
0%
#54 Glee Cast Baby One More Time
0%
#6 Taylor Swift Back to December
0%
#61 Glee Cast Beautiful
0%
#24 Lee DeWyze Beautiful Day
0%
#89 Antoine Dodson & The Gregory Brothers ft. Kelly Dodson Bed Intruder Song
0%
#72 Glee Cast Beth
0%
#56 Taylor Swift Better Than Revenge
0%
#75 Lil Wayne Bill Gates
0%
#28 Glee Cast Billionaire
0%
#66 Christina Aguilera Bionic
0%
#96 Soundgarden Black Rain
0%
#7 Ke$ha ft. 3OH!3 Blah Blah Blah
0%
#84 Glee Cast ft. Jonathan Groff Bohemian Rhapsody
0%
#61 Pitbull Bon, Bon
0%
#79 The Killers Boots
0%
#78 Glee Cast Borderline / Open Your Heart
0%
#72 Taylor Swift Breathless
0%
#75 Mary J. Blige & Andrea Bocelli Bridge Over Troubled Water
0%
#73 Glee Cast Bridge Over Troubled Water
0%
#77 Ke$ha Cannibal
0%
June #8 Miley Cyrus Can't Be Tamed
0%
August #75 Ne-Yo Champagne Life
0%
#25 Coldplay Christmas Lights
0%
#58 Katy Perry Circle the Drain
0%
#71 Eminem Cold Wind Blows
0%
#93 Ke$ha Crazy Beautiful Life
0%
#74 Godsmack Crying Like A *****
0%
#54 Taylor Swift Dear John
0%
#75 3OH!3 Deja Vu
0%
#96 Taio Cruz ft. Ke$ha Dirty Picture
0%
#22 Glee Cast Dog Days are Over
0%
#97 Glee Cast Don't Cry For Me Argentina (Lea Michele Version)
0%
#50 Glee Cast Don't Go Breaking my Heart
0%
#67 B.o.B. Don't Let Me Fall
0%
#87 3OH!3 Double Vision
0%
#26 Glee Cast ft. Neil Patrick Harris Dream On
0%
#90 Sam Adams Driving Me Crazy
0%
#18 Lil Wayne ft. Eminem Drop the World
0%
#84 Sean Kingston Dumb Love
0%
#67 Eminem Elevator
0%
#21 Glee Cast Empire State of Mind
0%
#55 Alicia Keys Empire State of Mind (Part II) Broken Down
0%
#75 Taylor Swift Enchanted
0%
#22 Kid Cudi ft. Kanye West Erase Me
0%
#37 Glee Cast Faithfully
0%
#66 Lee DeWyze & Crystal Bowersox Falling Slowly
0%
#78 Three 6 Mafia Vs Tiesto with Sean Kingston & Flo Rida Feel It
0%
#26 Tim McGraw Felt Good On My Lips
0%
#95 Jaheim Finding My Way Back
0%
#71 Drake ft. Alicia Keys Fireworks
0%
#89 3OH!3 ft. Neon Hitch Follow Me Down
0%
December #11 Glee Cast ft. Gwyneth Paltrow Forget You
0%
#70 T.I. ft. Chris Brown Get Back Up
0%
#86 Maroon 5 Give a Little More
0%
#97 Breaking Benjamin Give Me A Sign (Forever and Ever)
0%
#32 Glee Cast Gives You Hell
0%
#18 P!nk Glitter in the Air
0%
#66 Hannah Montana ft. Iyaz Gonna Get This
0%
#17 Lil Wayne ft. Drake Gonorrhea
0%
#69 Glee Cast Good Vibrations
0%
#38 T.I. ft. Keri Hilson Got Your Back
0%
#79 Asher Roth G.R.I.N.D. (Get Ready It's a New Day)
0%
#65 Shakira Gypsy
0%
#93 Big Time Rush Halfway There
0%
#44 Lee DeWyze Hallelujah
0%
#61 k.d. lang Hallelujah (Vancouver Winter 2010 Version)
0%
#48 Glee Cast Happy Days are Happy Again / Get Happy
0%
#63 Taylor Swift Haunted
0%
January #29 Eminem ft. Dr. Dre Hell Breaks Loose
0%
#35 Glee Cast ft. Jonathan Groff Hello
0%
#49 Glee Cast Hello Goodbye
0%
#66 Glee Cast Hello, I Love You
0%
March #57 Christopher Wilde Hero
0%
#29 Glee Cast Hey, Soul Sister
0%
#55 Michael Buble Hollywood
0%
#90 Glee Cast ft. Kristin Chenoweth Home
0%
#88 Marsha Ambrosius Hope She Cheats on You (With a Basketball Player)
0%
#99 Jason Michael Carroll Hurry Home
0%
#65 Lil Wayne I Am Not a Human Being
0%
#100 3OH!3 I Can Do Anything
0%
#74 Glee Cast Ice Ice Baby
0%
#31 Glee Cast ft. Idina Menzel I Dreamed A Dream
0%
#74 Glee Cast I Look To You
0%
#52 Glee Cast I'm a Slave 4 U
0%
#44 T.I. I'm Back
0%
#82 Lil Wayne I'm Single
0%
#27 Taylor Swift Innocent
0%
#92 Nick Jonas Introducing Me
0%
#95 Glee Cast It's A Man's, Man's Man's World
0%
#38 Glee Cast (I've Had) The Time of My Life
0%
#36 Glee Cast I Want to Hold Your Hand
0%
#23 Glee Cast Jessie's Girl
0%
#40 Glee Cast Just the Way You Are
0%
#81 Glee Cast Lady is a Tramp
0%
#71 Taylor Swift Last Kiss
0%
#93 The Dirty Heads ft. Rome Lay Me Down
0%
#47 Sheryl Crow, Kid Rock & Keith Urban Lean on Me
0%
#81 Will Young Leave Right Now
0%
#94 Glee Cast Le Jazz Hot
0%
#98 Jennifer Hudson ft. The Roots Let It Be
0%
#63 Kris Allen Let It Be
0%
#27 Glee Cast ft. Jonathan Groff Like A Prayer
0%
#87 Glee Cast Like A Virgin
0%
#91 A Rocket to the Moon Liked We Used To
0%
#38 Glee Cast Listen
0%
#75 Nelly ft. Keri Hilson Liv Tonight
0%
#74 Ricky Martin ft. Natalia Jimenez Lo Mejor De Mi Vida Eres Tu
0%
#85 Taylor Swift Long Live
0%
#35 Young Jeezy ft. Plies Lose My Mind
0%
#93 Glee Cast Loser
0%
#60 Glee Cast Losing My Religion
0%
#92 The-Dream Love King
0%
#93 Lady Antebellum Love This Pain
0%
#91 Diddy - Dirty Money ft. Drake Loving You No More
0%
#27 Glee Cast Lucky
0%
#97 Shiny Toy Guns Major Tom
0%
#84 Disney's Friends for Change Make a Wave
0%
#54 Kid Cudi Marijuana
0%
#32 Glee Cast Marry You
0%
#56 Glee Cast Me Against the Music
0%
November #11 Taylor Swift Mean
0%
#3 Taylor Swift Mine
0%
#15 Drake ft. Lil Wayne Miss Me
0%
#54 Nelly ft. T-Pain & Akon Move That Body
0%
#77 Kid Cudi Mr. Rager
0%
#82 Eminem Music Box
0%
#82 Danny Gokey My Best Days Are Ahead of Me
0%
#92 Eddie Vedder My City of Ruins (Live from the Kennedy Center Honors)
0%
#77 My Chemical Romance Na Na Na (Na Na Na Na Na Na Na Na Na)
0%
#77 Muse Neutron Star Collision (Love is Forever)
0%
#84 Taylor Swift Never Grow Up
0%
#21 Justin Bieber Never Let You Go
0%
#100 Alpha Rev New Morning
0%
#51 Avenged Sevenfold Nightmare
0%
#23 Eminem ft. Lil Wayne No Love
0%
#1 (1 Week) Eminem Not Afraid
0%
#53 Katy Perry Not Like the Movies
0%
May #23 Christina Aguilera Not Myself Tonight
0%
#60 Glee Cast One
0%
#53 Glee Cast ft. Kristin Chenoweth One Less Bell to Answer / A House is Not a Home
0%
#41 Glee Cast One Love (People Get Ready)
0%
#37 Glee Cast One of Us
0%
#50 Glee Cast Only the Good Die Young
0%
#95 Mario Ooh Baby
0%
#90 Chiddy Bang Opposite of Adults
0%
#91 Hannah Montana Ordinary Girl
0%
#84 Lil Jon ft. LMFAO Outta Your Mind
0%
#44 Glee Cast Over the Rainbow
0%
#46 General Larry Platt Pants on the Ground
0%
#65 Glee Cast Papa Can You Hear Me?
0%
#89 Glee Cast ft. Olivia-Newton John Physical
0%
#90 My Darkest Days ft. Zakk Wylde Porn Star Dancing
0%
#22 Kanye West POWER
0%
#56 Charice ft. Iyaz Pyramid
0%
October #37 Kings of Leon Radioactive
0%
#91 Creed Rain
0%
#89 T-Pain ft. Rick Ross Rap Song
0%
#72 Lady Antebellum Ready to Love Again
0%
#81 Rihanna Redemption Song
0%
#75 T-Pain Reverse Cowgirl
0%
September #6 Lil Wayne ft. Drake Right Above It
0%
#41 Glee Cast River Deep, Mountain High
0%
#93 Glee Cast Rose's Turn
0%
#24 Selena Gomez & The Scene Round & Round
0%
#12 Kanye West ft. Pusha T Runaway
0%
#61 Glee Cast ft. Jonathan Groff Run Joey Run
0%
#81 Glee Cast Safety Dance
0%
#92 Kid Cudi ft. Cee-Lo Scott Mescudi Vs. The World
0%
#70 Christina Aguilera Show Me How You Burlesque
0%
#86 New Hollow Sick
0%
#87 Glee Cast Sing!
0%
#18 Glee Cast ft. Gwyneth Paltrow Singing in the Rain / Umbrella
0%
#81 Christopher Wilde & Anna Margaret Something About the Sunshine
0%
#17 Taylor Swift Sparks Fly
0%
#8 Taylor Swift Speak Now
0%
#77 Christopher Wilde StarStruck
0%
#31 Glee Cast Start Me Up / Livin' on a Prayer
0%
#75 Miley Cyrus Stay
0%
#48 Young Money ft. Gucci Mane Steady Mobbin'
0%
#38 Glee Cast Stop! In the Name of Love / Free Your Mind
0%
#16 Jay-Z, Bono, The Edge & Rihanna Stranded (Haiti Mon Amour)
0%
#53 Glee Cast Stronger
0%
#84 Maroon 5 Stutter
0%
#100 Rick Ross ft. Ne-Yo Super High
0%
#88 Eminem ft. Kobe Talkin 2 Myself
0%
#8 Glee Cast Teenage Dream
0%
#23 Glee Cast Telephone
0%
#87 Glee Cast Tell Me Something Good
0%
#18 T.I. ft. Eminem That's All She Wrote
0%
#92 Justin Bieber That Should Be Me
0%
#98 ROCKMAFIA The Big Bang
0%
#88 Lee DeWyze The Boxer
0%
#76 Glee Cast The Boy is Mine
0%
#97 Shinedown The Crow & The Butterfly
0%
#82 Kings of Leon The End
0%
#26 Glee Cast The Only Exception
0%
#41 Taylor Swift The Story of Us
0%
#89 Glee Cast Time Warp
0%
February #2 Taylor Swift Today Was a Fairytale
0%
#75 Glee Cast To Sir With Love
0%
#16 Glee Cast ft. Jonathan Groff Total Eclipse of the Heart
0%
#49 3OH!3 Touchin On My
0%
#16 Glee Cast Toxic
0%
#97 Toby Keith Trailerhood
0%
#98 Flo Rida Turn Around (5 4 3 2 1)
0%
#92 Glee Cast U Can't Touch This
0%
#99 Dierks Bentley Up on the Ridge
0%
#57 Crystal Bowersox Up to the Mountain
0%
April #27 Justin Bieber U Smile
0%
#54 Glee Cast Valerie
0%
#72 Owl City Vanilla Twilight
0%
#2 Artists for Haiti We Are The World 25: For Haiti
0%
#59 Glee Cast Welcome Christmas
0%
#1 (1 Week) Ke$ha We R Who We R
0%
#51 Glee Cast What I Did For Love
0%
#93 J. Cole Who Dat
0%
#48 Rascal Flatts Why Wait
0%
#95 Erykah Badu Window Seat
0%
#62 Eminem ft. P!nk Won't Back Down
0%
#44 T.I. Yeah Ya Know (Takers)
0%
#57 Dave Matthews Band You and Me
0%
#20 Jack Johnson You and Your Heart
0%
No matching quizzes found
Score Distribution
Percent of People with Each Score
Percentile by Number Answered
Your Score History
You have not taken this quiz